Chemical process industries

में बचाया:
ग्रंथसूची विवरण
मुख्य लेखकों: Shreve, Randolph Norris (लेखक), Brink, Joseph A (लेखक)
स्वरूप: पुस्तक
भाषा:अंग्रेज़ी
प्रकाशित: Nueva York McGraw-Hill 1977
संस्करण:4a. ed
विषय:
टैग: टैग जोड़ें
कोई टैग नहीं, इस रिकॉर्ड को टैग करने वाले पहले व्यक्ति बनें!

MARC

LEADER 00000nam a2200000 a 4500
001 UCU7130
003 CL-VaPUC
008 960628e19770000US |||||||||||||||||eng|d
082 0 4 |a 660.281  |b SHR  |2 21 
100 0 |a Shreve, Randolph Norris  |e author  |9 365675 
700 0 |a Brink, Joseph A  |e author  |9 365676 
245 1 0 |a Chemical process industries 
250 |a 4a. ed 
300 |a 814 p 
942 |c BK 
945 |d 19960628 00:00:00  |a lriquelm 
260 |a Nueva York  |b McGraw-Hill  |c 1977 
650 0 |a Procesos industriales  |9 334036 
650 7 |a INDUSTRIA QUIMICA  |2 CL-VaPUC  |9 365677 
650 0 |a Agua  |9 257149 
650 7 |a ENERGIA QUIMICA  |2 CL-VaPUC  |9 365678 
650 0 |a Refrigeración  |9 259343 
650 0 |a Acondicionamiento de aire  |9 365679 
650 0 |a Gases  |9 260945 
650 0 |a Estados de la Materia  |9 347141 
650 0 |a Combustibles  |9 271720 
650 7 |a CARBON  |2 CL-VaPUC  |9 268755 
650 0 |a Fuentes de energía  |9 263042 
650 7 |a JABONES  |2 CL-VaPUC  |9 365645 
650 0 |a Industria alimentaria  |9 331702 
650 0 |a Plantas industriales  |9 364524 
583 |a last modification  |c 19960628 00:00:00  |k Rodrigo Vera 
999 |c 249823  |d 249821